Classement FIFA - Fevrier 2021 - Statistiques

Statistiques générales
  • Ce quiz a été pris 164 fois
  • Le résultat moyen est 143 sur 210
Statistiques - réponses
Position Pays % Correct
#1 Belgique
99%
#2 France
99%
#3 Brésil
98%
#13 Allemagne
96%
#7 Argentine
93%
#5 Portugal
92%
#4 Angleterre
91%
#6 Espagne
91%
#10 Italie
91%
#11 Croatie
90%
#8 Uruguay
89%
#73 Canada
88%
#15 Colombie
88%
#22 Etats-Unis
88%
#33 Maroc
88%
#9 Mexique
88%
#14 Pays-Bas
88%
#39 Russie
88%
#16 Suisse
88%
#31 Algérie
87%
#17 Chili
87%
#42 Irlande
86%
#27 Japon
86%
#12 Danemark
85%
#53 Grèce
85%
#21 Suède
85%
#26 Tunisie
85%
#41 Australie
84%
#55 Finlande
84%
#25 Pérou
84%
#19 Pologne
84%
#75 Chine
83%
#38 Corée du Sud
83%
#49 Egypte
83%
#44 Norvège
83%
#58 Qatar
82%
#46 Islande
81%
#35 Paraguay
81%
#20 Sénégal
81%
#32 Turquie
81%
#57 Equateur
80%
#113 Niger
80%
#36 Nigeria
80%
#60 République démocratique du Congo
80%
#90 République du Congo
80%
#43 République tchèque
80%
#30 Serbie
80%
#34 Slovaquie
80%
#62 Slovénie
80%
#24 Ukraine
80%
#51 Cameroun
79%
#105 Inde
79%
#29 Iran
79%
#118 Nouvelle-Zélande
79%
#71 Afrique du Sud
78%
#67 Arabie saoudite
78%
#48 Ecosse
78%
#40 Hongrie
78%
#129 Lituanie
78%
#98 Luxembourg
78%
#37 Roumanie
78%
#210 Saint-Marin
78%
#28 Venezuela
78%
#151 Andorre
77%
#88 Biélorussie
77%
#115 Corée du Nord
77%
#109 Estonie
77%
#69 Irak
77%
#136 Lettonie
77%
#23 Autriche
76%
#56 Bosnie-Herzégovine
76%
#50 Costa Rica
76%
#180 Cuba
76%
#64 Honduras
76%
#99 Arménie
75%
#79 Bolivie
75%
#89 Géorgie
75%
#45 Irlande du Nord
75%
#117 Kosovo
75%
#65 Macédoine du Nord
75%
#54 Mali
75%
#18 Pays de Galles
75%
#61 Côte d'Ivoire
74%
#122 Kazakhstan
74%
#68 Bulgarie
73%
#177 Moldavie
73%
#85 Ouzbékistan
73%
#200 Pakistan
73%
#66 Albanie
72%
#108 Azerbaïdjan
72%
#52 Ghana
72%
#87 Israël
72%
#94 Madagascar
72%
#63 Monténégro
72%
#76 Syrie
72%
#47 Jamaïque
71%
#111 Libye
71%
#181 Liechtenstein
71%
#78 Panama
71%
#150 Afghanistan
70%
#100 Chypre
70%
#74 Emirats Arabes Unis
70%
#173 Indonésie
70%
#104 Kenya
70%
#190 Mongolie
70%
#171 Népal
70%
#81 Oman
70%
#127 Soudan
70%
#145 Yémen
70%
#91 Zambie
70%
#125 Angola
69%
#146 Ethiopie
69%
#72 Guinée
69%
#167 Guyana
69%
#176 Malte
69%
#93 Viêt Nam
69%
#86 Gabon
68%
#188 Laos
68%
#132 Turkménistan
68%
#164 Fidji
67%
#143 Lesotho
67%
#101 Mauritanie
67%
#198 Somalie
67%
#141 Suriname
67%
#135 Tanzanie
67%
#128 Togo
67%
#92 Liban
66%
#163 Soudan du Sud
66%
#178 Tchad
66%
#112 Zimbabwe
66%
#84 Haïti
65%
#149 Nicaragua
65%
#189 Bhoutan
64%
#174 Cambodge
64%
#80 Cap-Vert
64%
#130 Guatemala
64%
#106 Mozambique
64%
#114 République centrafricaine
64%
#206 Sri Lanka
64%
#120 Tadjikistan
64%
#110 Thaïlande
64%
#186 Bangladesh
63%
#131 Comores
63%
#157 Gambie
63%
#148 Koweït
63%
#121 Namibie
63%
#70 Salvador
63%
#158 Singapour
63%
#203 Tonga
63%
#97 Bahreïn
62%
#119 Guinée-Bissau
62%
#134 Guinée Equatoriale
62%
#154 Malaisie
62%
#124 Philippines
62%
#116 Sierra Leone
62%
#103 Trinité-et-Tobago
62%
#170 Belize
61%
#82 Bénin
61%
#205 Erythrée
61%
#152 Libéria
61%
#159 République dominicaine
61%
#137 Birmanie
60%
#153 Eswatini
60%
#95 Jordanie
60%
#194 Samoa
60%
#196 Bahamas
59%
#59 Burkina Faso
59%
#184 Djibouti
59%
#83 Ouganda
59%
#133 Rwanda
59%
#175 Sainte-Lucie
59%
#168 Saint-Vincent-et-les-Grenadines
59%
#202 Seychelles
59%
#139 Taipei chinois
59%
#138 Burundi
58%
#172 Maurice
58%
#147 Botswana
57%
#191 Brunei
57%
#96 Kirghizistan
57%
#166 Papouasie-Nouvelle-Guinée
57%
#185 Dominique
56%
#160 Grenade
56%
#187 Sao-Tomé-et-Principe
55%
#165 Vanuatu
55%
#162 Barbade
54%
#123 Malawi
54%
#197 Timor oriental
54%
#126 Antigua-et-Barbuda
53%
#155 Maldives
53%
#140 Saint-Christophe-et-Niévès
53%
#195 Gibraltar
52%
#107 Îles Féroé
51%
#142 Salomon
45%
#102 Palestine
44%
#144 Hong Kong
41%
#161 Tahiti
40%
#179 Porto Rico
38%
#156 Nouvelle-Calédonie
30%
#77 Curaçao
25%
#208 Îles Vierges Britanniques
25%
#207 Îles Vierges Américaines
23%
#192 Samoa américaines
23%
#201 Aruba
22%
#199 Guam
21%
#182 Macao
20%
#209 Anguilla
18%
#169 Bermudes
17%
#193 Îles Caïmans
17%
#183 Montserrat
17%
#204 Îles Turques-et-Caïques
11%
Aucun quiz correspondant
Distribution des résultats
% des personnes avec chaque résultat
Percentile par nombre de réponses
Votre historique - résultats
Vous n’avez pas pris ce quiz